000 00525cam a2200181 a 4500
020 _a0821342991 (alk. paper)
040 _cDLC
082 0 0 _a332 WOR 1998 A065 Or.
245 0 0 _aEast Asia :
_bthe road to recovery.
260 _aWashington, DC :
_bWorld Bank,
_c1998.
300 _axvi, 138 p. :
_bill. ;
_c28 cm.
650 0 _aFinance
650 0 _aFinancial institutions
650 0 _aCurrency question
710 2 _aWorld Bank.
856 4 2 _uhttp://www.loc.gov/catdir/enhancements/fy0638/98045140-d.html
942 _cEK
999 _c14298
_d14298